El apogeo de Cajamarca : (Registro nro. 5038)
[ vista simple ]
| 000 -LEADER | |
|---|---|
| fixed length control field | 01192nam a22003017a 4500 |
| 003 - CONTROL NUMBER IDENTIFIER | |
| control field | PE SENCICO BE |
| 005 - DATE AND TIME OF LATEST TRANSACTION | |
| control field | 20251020182709.0 |
| 008 - FIXED-LENGTH DATA ELEMENTS--GENERAL INFORMATION | |
| fixed length control field | 250106b |||||||| |||| 00| 0 eng d |
| 020 ## - INTERNATIONAL STANDARD BOOK NUMBER | |
| International Standard Book Number | 978-612-45894-0-9 |
| 040 ## - CATALOGING SOURCE | |
| Original cataloging agency | PE SENCICO BE |
| Transcribing agency | PE SENCICO BE |
| 041 ## - LANGUAGE CODE | |
| Language code of text/sound track or separate title | spa |
| 084 ## - OTHER CLASSIFICATION NUMBER | |
| Classification number | 720.985 |
| Item number | G16 |
| 100 1# - MAIN ENTRY--PERSONAL NAME | |
| 9 (RLIN) | 2772 |
| Personal name | Gaitán Pajares, Evelio |
| Relator term | autor |
| 245 1# - TITLE STATEMENT | |
| Title | El apogeo de Cajamarca : |
| Remainder of title | la Escuela Barroca Cajamarca y sus grandes artistas / |
| Statement of responsibility, etc. | Evelio Gaitan Pajares |
| 250 ## - EDITION STATEMENT | |
| Edition statement | 1a ed. |
| 260 ## - PUBLICATION, DISTRIBUTION, ETC. | |
| Place of publication, distribution, etc. | Cajamarca : |
| Name of publisher, distributor, etc. | Lumina Copper ; |
| Date of publication, distribution, etc. | 2010 |
| 300 ## - PHYSICAL DESCRIPTION | |
| Extent | 322 p. : |
| Other physical details | il. ; |
| Dimensions | 23 cm. |
| 505 0# - FORMATTED CONTENTS NOTE | |
| Formatted contents note | El Barroco en Cajamarca: 1668-1798 : Barroco inicial: 1968-1682 -- Barroco clásico cajamarquino: 1682-1798 -- Florecimiento artístico de Cajamarca -- La influencia del Barroco Clásico Cajamarquino -- El Neoclásico o Post Barroco 1798-1915 |
| 650 10 - SUBJECT ADDED ENTRY--TOPICAL TERM | |
| 9 (RLIN) | 945 |
| Topical term or geographic name entry element | Arquitectura antigua |
| 650 20 - SUBJECT ADDED ENTRY--TOPICAL TERM | |
| 9 (RLIN) | 363 |
| Topical term or geographic name entry element | Historia de la arquitectura |
| 650 20 - SUBJECT ADDED ENTRY--TOPICAL TERM | |
| 9 (RLIN) | 944 |
| Topical term or geographic name entry element | Arte barroco |
| 650 20 - SUBJECT ADDED ENTRY--TOPICAL TERM | |
| 9 (RLIN) | 2773 |
| Topical term or geographic name entry element | Escultura barroca |
| 650 20 - SUBJECT ADDED ENTRY--TOPICAL TERM | |
| 9 (RLIN) | 282 |
| Topical term or geographic name entry element | Arquitectos |
| 650 20 - SUBJECT ADDED ENTRY--TOPICAL TERM | |
| 9 (RLIN) | 2771 |
| Topical term or geographic name entry element | Arquitectura colonial |
| 651 10 - SUBJECT ADDED ENTRY--GEOGRAPHIC NAME | |
| 9 (RLIN) | 2774 |
| Geographic name | Cajamarca (Perú : Departamento) |
| 910 ## - USER-OPTION DATA (OCLC) | |
| User-option data | hfp |
| -- | hfp |
| -- | hfp |
| 942 ## - ADDED ENTRY ELEMENTS (KOHA) | |
| Source of classification or shelving scheme | Dewey Decimal Classification |
| Koha item type | Libros |
| Fecha de la última vez que lo usaron | Pago total | Signatura topográfica completa | Código de barras | Precio efectivo desde | Tipo de documento | Estado perdido | Sistema de clasificación | Estado dañado | No es para préstamo | Retirado | Ubicación permanente | Ubicación actual | Fecha de adquisición | Fuente de adquisición |
|---|---|---|---|---|---|---|---|---|---|---|---|---|---|---|
| 06/01/2025 | 720.985/G16 | BibLima25010001 | 06/01/2025 | Libros | Dewey Decimal Classification | Biblioteca Central Lima | Biblioteca Central Lima | 18/11/2024 | Comprado de la librería Megabook |